[Event "FRA-ch op-D"]
[Site "L'Alpe d'Huez"]
[Date "2023.08.20"]
[Round "2"]
[White "Bergonzoli, Nathan"]
[Black "Azen, Bernard"]
[Result "0-1"]
[WhiteElo "1547"]
[BlackElo "1413"]
[PlyCount "112"]
[EventDate "2023.08.19"]
[EventType "swiss"]
[EventRounds "9"]
[EventCountry "FRA"]
[SourceTitle "EXT 2024"]
[Source "ChessBase"]
[SourceDate "2023.10.10"]
[SourceVersion "1"]
[SourceVersionDate "2023.10.10"]
[SourceQuality "1"]

1. Nf3 e6 2. c4 c5 3. Nc3 Nc6 4. d4 cxd4 5. Nxd4 a6 6. e4 Qb6 7. Nb3 Bb4 8. Qd3 Nf6 9. Be3 Qc7 10. Rc1 0-0 11. Be2 Ne5 12. Qd4 d6 13. f3 Nc6 14. Qd2 e5 15. a3 Bxc3 16. Rxc3 Be6 17. 0-0 Rad8 18. Rd1 Ne7 19. Na1 Ne8 20. Nc2 f5 21. Nb4 f4 22. Bf2 g5 23. Nd5 Qd7 24. Nb6 Qc7 25. Rd3 Nc8 26. Nxc8 Qxc8 27. c5 d5 28. exd5 Bf5 29. Rc3 Nf6 30. d6 Kg7 31. Bd3 Be6 32. Re1 Nd7 33. Qc2 Rh8 34. Bf5 Rde8 35. b4 h5 36. Bxe6 Rxe6 37. Qf5 Qe8 38. Qxg5+ Rg6 39. Qe7+ Kh6 40. Rc2 Rhg8 41. Bh4 Qc8 42. Ree2 R8g7 43. Qd8 Qc6 44. Be7 Qxf3 45. Qxd7 Rxg2+ 46. Rxg2 Qd1+ 47. Kf2 Qxc2+ 48. Ke1 Qc1+ 49. Ke2 Rxg2+ 50. Kf3 Qf1+ 51. Ke4 Re2+ 52. Kd5 Rd2+ 53. Kxe5 Re2+ 54. Kf6 Qa1+ 55. Kf7 Qg7+ 56. Ke8 Qg8# 0-1

[Event "Chateauroux op 15th"]
[Site "Chateauroux"]
[Date "2014.10.28"]
[Round "6"]
[White "Meunier Pion, Jean"]
[Black "Azen, Bernard"]
[Result "1-0"]
[WhiteElo "1730"]
[BlackElo "1540"]
[PlyCount "73"]
[EventDate "2014.10.25"]
[EventType "swiss"]
[EventRounds "7"]
[EventCountry "FRA"]
[SourceTitle "EXT 2015"]
[Source "ChessBase"]
[SourceDate "2014.11.20"]
[SourceVersion "1"]
[SourceVersionDate "2014.11.20"]
[SourceQuality "1"]

1. e4 e6 2. d4 d5 3. e5 c5 4. c3 Nc6 5. Nf3 Bd7 6. a3 Rc8 7. Be2 Qb6 8. 0-0 c4 9. Ng5 Nge7 10. Qc2 Nf5 11. g4 Nfxd4 12. cxd4 Nxd4 13. Qd1 Nb3 14. Ra2 h6 15. Nh3 Nxc1 16. Qxc1 Qb3 17. Nc3 d4 18. Bd1 dxc3 19. Bxb3 cxb3 20. Ra1 c2 21. Qe3 Rc4 22. Qxb3 Rxg4+ 23. Kh1 Ba4 24. Qxb7 Rc4 25. Qb8+ Ke7 26. Qxa7+ Kd8 27. f3 Bc6 28. Rac1 g5 29. b3 Rc5 30. Qxc5 Bxc5 31. Rxc2 g4 32. Rxc5 Bxf3+ 33. Kg1 Kd7 34. Rfc1 Rb8 35. Nf4 Kd8 36. Kf2 Be4 37. Nh5 1-0